| 000 | 00467 a2200157 4500 | ||
|---|---|---|---|
| 005 | 20250626060710.0 | ||
| 020 | _a0-07-293425-5 | ||
| 082 | _a658.3 FUN | ||
| 100 | _aNOE, R. A. | ||
| 245 | _aFundamental Of Human Resource Management, | ||
| 250 | _a2nd Ed. | ||
| 260 |
_aNew York, _bMcGraw-Hill Irwin, _c2007. |
||
| 300 |
_axxix.; 584p.; ill.; figure.; picture, _bGlossary & Index, _c26cm. |
||
| 700 | _aHELLENBECK, J. L, GERHART, B, & WRIGHT, P. M. | ||
| 942 |
_2ddc _cBKS |
||
| 999 |
_c5181 _d5181 |
||